|
|
|
|
| LEADER |
00000nam0a2200000 4500 |
| 001 |
355712 |
| 005 |
20231102010825.0 |
| 035 |
|
|
|a (RuTPU)RU\TPU\retro\12972
|
| 090 |
|
|
|a 355712
|
| 100 |
|
|
|a 20200710d1973 km y0rusy50 ca
|
| 101 |
0 |
|
|a rus
|
| 102 |
|
|
|a RU
|
| 105 |
|
|
|a a z 001zy
|
| 200 |
1 |
|
|a Глубинная структура Мангышлака
|f А. И. Димаков, А. И. Тамаров
|g Всесоюзный нефтяной научно-исследовательский геологоразведочный институт
|
| 210 |
|
|
|a Ленинград
|c Недра
|d 1973
|
| 215 |
|
|
|a 76 с.
|c ил.
|
| 225 |
1 |
|
|a Труды Всесоюзного нефтяного научно-исследовательского геологоразведочного института (ВНИГРИ)
|v Вып. 322
|
| 320 |
|
|
|a Библиогр.: с. 72-74
|
| 606 |
1 |
|
|a Сейсмическая разведка
|2 stltpush
|3 (RuTPU)RU\TPU\subj\54338
|9 72495
|
| 610 |
1 |
|
|a Мангышлак
|
| 610 |
1 |
|
|a глубинные структуры
|
| 610 |
1 |
|
|a земная кора
|
| 610 |
1 |
|
|a земная кора
|
| 610 |
1 |
|
|a обменные волны
|
| 610 |
1 |
|
|a сейсмические исследования
|
| 610 |
1 |
|
|a продольные волны
|
| 610 |
1 |
|
|a глубинные разломы
|
| 675 |
|
|
|a 550.834
|v 4
|
| 700 |
|
1 |
|a Димаков
|b А. И.
|g Александр Иванович
|
| 701 |
|
1 |
|a Тамаров
|b А. И.
|g Александр Иванович
|
| 712 |
0 |
2 |
|a Всесоюзный нефтяной научно-исследовательский геологоразведочный институт
|c (Ленинград)
|c (1945-1991)
|2 stltpush
|3 (RuTPU)RU\TPU\col\7662
|9 24357
|
| 801 |
|
1 |
|a RU
|b 63413507
|c 20200710
|
| 801 |
|
2 |
|a RU
|b 63413507
|c 20210302
|g RCR
|
| 942 |
|
|
|c BK
|